City Year Sites Quiz Stats

Quiz not verified by Sporcle

Also try: 'H' Blitz
Challenge
Share
Tweet
Embed
Score 0/27 Timer 03:00
0 Plays Today
% Correct
City Year Miami
93.5%
City Year New York
93.5%
City Year Los Angeles
92.4%
City Year Boston
87%
City Year Chicago
85.9%
City Year Seattle/King County
81.5%
City Year Washington, DC
79.3%
City Year Jacksonville
77.2%
City Year Columbus
76.1%
City Year New Hampshire
76.1%
City Year New Orleans
76.1%
City Year Denver
75%
City Year Greater Philadelphia
75%
City Year Baton Rouge
72.8%
% Correct
City Year Orlando
72.8%
City Year Sacramento
72.8%
City Year San Antonio
72.8%
City Year Columbia
71.7%
City Year Detroit
70.7%
City Year San Jose/Silicon Valley
70.7%
City Year Rhode Island
66.3%
City Year London
66.3%
City Year South Africa
65.2%
City Year Milwaukee
63%
City Year Tulsa
63%
City Year Cleveland
59.8%
City Year Little Rock/N. Little Rock
57.6%

You're not logged in!

Compare scores with friends on all Sporcle quizzes.
Join for Free
OR
Log In

You Might Also Like...

Show Comments

Extras

Created Nov 14, 2013SourceReportNominate
Tags:City Quiz, site

Top Quizzes Today


Score Distribution

Your Account Isn't Verified!

In order to create a playlist on Sporcle, you need to verify the email address you used during registration. Go to your Sporcle Settings to finish the process.

Report this User

Report this user for behavior that violates our Community Guidelines.

Details: